000
00299nam a22001217a 4500
008
180201b xxu||||| |||| 00| 0 eng d
041
_a
eng
080
_a
579
100
_a
11
101
_a
MIK
245
_a
Medical microbiology an introduction to infectious disease
_c
Sherris,J.C
942
_2
udc
_c
BK
999
_c
41525
_d
41525